|
|
|
|
| LEADER |
00000nam a2200000 a 4500 |
| 001 |
vtls001266736 |
| 003 |
SK-MaSNL |
| 005 |
20260301234603.0 |
| 008 |
240315s1975 xx 0 und |
| 035 |
|
|
|a SNK000217682
|
| 040 |
|
|
|a SNK
|b slo
|c SNK
|e AACR2
|
| 100 |
1 |
|
|a Bach, Johann Sebastian,
|d 1685-1750
|4 aut
|9 99650
|
| 245 |
1 |
|
|a Knižočka skladieb pre Annu Magdalénu Bachovú
|b Pianoforte
|
| 260 |
|
|
|a Bratislava
|b Opus
|c 1975
|
| 300 |
|
|
|a 20 s.
|
| 958 |
|
|
|a OND
|
| 999 |
|
|
|c 970802
|d 972732
|
| 952 |
|
|
|t P60, <04>, [BOOK], {604}
|a SNK
|b SNK
|y VYP
|7 0
|p 17A0019045
|o snkHSB 1514 D1
|0 0
|1 0
|4 0
|d 1996-11-19
|l 0
|r 2005-01-01 00:00:00
|w 2026-02-24
|